000 00740nam a2200289Ia 4500
005 20260324113640.0
008 008 260324s9999 xx 000 0 eng d
020 _a9781003127895
037 _aEBOOK
040 _aCRL
040 _beng
040 _cCRL
041 _2eng
041 _aeng
084 _qCRL
100 _aPaul Møller
_91147619
245 0 _aPsychosis Risk and Experience of the Self
245 0 _bUnderstanding the Individual Development of Psychosis as a Basic Self-disturbance
260 _bTaylor and Francis
260 _c2023
365 _a
365 _b205
856 _uhttp://www.taylorfrancis.com/books/9781003127895
942 _cEBOOK
999 _c1737378
_d1737378